Calculus with analytic geometry: student supplement

Saved in:
Bibliographic Details
Main Author: Fraleigh, John B (Author)
Format: Book
Language:English
Published: Reading Addison-Wesley 1980
Subjects:
Tags: Add Tag
No Tags, Be the first to tag this record!

MARC

LEADER 00000nam a2200000 a 4500
001 UCW0672
003 CL-VaPUC
008 880808e19800000US |||||||||||||||||eng|d
082 0 4 |a 515.15  |b FRA  |2 21 
100 0 |a Fraleigh, John B  |e author  |9 304574 
245 1 0 |a Calculus with analytic geometry: student supplement 
300 |a 219 p 
942 |c BK 
945 |d 19880808 00:00:00 
260 |a Reading  |b Addison-Wesley  |c 1980 
650 0 |a Cálculo  |9 260234 
650 0 |a Geometría analítica   |9 260062 
583 |a last modification  |c 19880808 00:00:00  |k Rodrigo Vera 
999 |c 215744  |d 215742 
952 |0 0  |1 0  |4 0  |6 515_150000000000000_FRA_1980  |7 0  |8 A  |9 200564  |a BIBMAT  |b BIBMAT  |d 2019-11-14  |i 2677989  |o 515.15 FRA 1980  |p 2677989  |r 2025-01-07  |w 2019-11-14  |y BK  |k MAT